000 00409nam a2200181Ia 4500
001 19981
005 20260306172732.0
008 260306t1967||||xx |||||||||||||| ||spa||
041 _aESP
082 _a342.1
_bC84
100 _aCoste, René
_eAUT
245 0 _aMoral internacional
260 _c1967
300 _a775 páginas :
_c22 cm.
650 _aGEN
654 _aCDE
942 _cLIB
_dJUS
_fJUS
_2ddc
_n
999 _c19981
_d19981